000 00732nam a2200229Ia 4500
001 10075
003 GE_BSU
008 181216s||||||||xx |||||||||||||| ||und||
040 _cGE_BSU
080 _a821.353.1–1+821.353.1-11
100 _aსეიდიშვილი,ლადო
245 _aლექსები.
245 _bლირიკული პოემა
245 _cრედ.ზ.ფირცხალაიშვილი,მხატვ.ლ.სეიდიშვილი
260 _aთბილისი
260 _bაჭარა
260 _c1990
300 _a99გვ.17სმ.
653 _aლექსები.
653 _aლირიკული პოემა
942 _cBK
999 _c43347
_d43347